[Event "Saarland-ch D"]
[Site "Saarlouis Steinrausch"]
[Date "2005.03.24"]
[Round "7"]
[White "Bohn, Marius"]
[Black "Lauer, Georg"]
[Result "1/2-1/2"]
[WhiteElo "882"]
[BlackElo "1084"]
[PlyCount "103"]
[EventDate "2005.03.18"]
[EventType "swiss"]
[EventRounds "9"]
[EventCountry "GER"]
[SourceTitle "EXT 2012"]
[Source "ChessBase"]
[SourceDate "2011.11.24"]
[SourceVersion "1"]
[SourceVersionDate "2011.11.24"]
[SourceQuality "1"]

1. d4 d5 2. c4 e6 3. Nc3 f5 4. Bf4 Bd6 5. Bxd6 Qxd6 6. e3 Nf6 7. Nf3 0-0 8. Be2 b6 9. 0-0 Bb7 10. Qc2 c6 11. cxd5 exd5 12. Rac1 Ne4 13. Nxe4 fxe4 14. Ne5 Rf6 15. h3 a6 16. Qb3 b5 17. a4 Nd7 18. Nxd7 Qxd7 19. axb5 axb5 20. Ra1 Raf8 21. Ra7 Rg6 22. Bg4 Qe7 23. Qa3 Qg5 24. Rxb7 h5 25. f4 exf3 26. Rxf3 Rxf3 27. gxf3 hxg4 28. fxg4 Qh4 29. Qa8+ Kh7 30. Rb8 Qg3+ 31. Kf1 Rf6+ 32. Ke2 Qf3+ 33. Kd3 Qe4+ 34. Kc3 Qxe3+ 35. Kb4 Qxd4+ 36. Ka5 Qa4+ 37. Kb6 Qxa8 38. Rxa8 d4 39. Rd8 Rf2 40. Rxd4 Rxb2 41. Kxc6 b4 42. Rd5 b3 43. Rb5 Rc2+ 44. Kd5 Rc3 45. h4 Rh3 46. h5 Rg3 47. Rb4 b2 48. Rxb2 Rxg4 49. Ke6 Rg5 50. Rh2 Kh6 51. Kf7 Ra5 52. Rh3 1/2-1/2